[Event "IECG Q3.2000.0.00064"]
[Site "IECG email"]
[Date "2000.02.17"]
[Round "?"]
[White "Brenke, Tony Ray"]
[Black "Tolan, John"]
[Result "0-1"]
[WhiteElo "1221"]
[BlackElo "1000"]
[PlyCount "74"]
[EventDate "2000.02.17"]
[EventType "tourn (corr)"]
[EventRounds "6"]
[SourceTitle "Corr 2008"]
[Source "ChessBase"]
[SourceDate "2008.06.24"]
[SourceVersion "1"]
[SourceVersionDate "2008.06.24"]
[SourceQuality "1"]

1. d4 Nf6 2. Nf3 d5 3. Qd2 Nc6 4. Nc3 e6 5. Ne5 Nxe5 6. dxe5 Nd7 7. e4 Nxe5 8. Qd4 Nc6 9. exd5 Nxd4 10. Bd3 exd5 11. Be3 Ne6 12. 0-0-0 d4 13. Rhe1 c5 14. Bf4 Be7 15. Bb5+ Kf8 16. Ne2 Nxf4 17. Nxf4 a6 18. Bd3 Bg5 19. g3 Qf6 20. Rd2 Bxf4 21. gxf4 Qxf4 22. f3 Qxf3 23. Be4 Qf4 24. Bd5 Rb8 25. a4 Bg4 26. h3 Bxh3 27. b3 d3 28. Re4 Qg5 29. cxd3 Qxd5 30. Kc2 Bf5 31. Rc4 b5 32. axb5 axb5 33. Rc3 Ra8 34. Kb2 b4 35. Rd1 bxc3+ 36. Kc2 Ra2+ 37. Kc1 Qxb3 0-1

[Event "IECG Q3.2000.0.00064"]
[Site "IECG email"]
[Date "2000.02.17"]
[Round "?"]
[White "Tolan, John"]
[Black "Brenke, Tony Ray"]
[Result "0-1"]
[WhiteElo "1000"]
[BlackElo "1221"]
[PlyCount "32"]
[EventDate "2000.02.17"]
[EventType "tourn (corr)"]
[EventRounds "6"]
[SourceTitle "Corr 2008"]
[Source "ChessBase"]
[SourceDate "2008.06.24"]
[SourceVersion "1"]
[SourceVersionDate "2008.06.24"]
[SourceQuality "1"]

1. e4 e5 2. Nf3 Be7 3. Nxe5 Nf6 4. Nc3 0-0 5. a3 d5 6. exd5 Nxd5 7. Nxd5 Qxd5 8. d4 Bf6 9. Nf3 Bg4 10. Be3 c5 11. Be2 cxd4 12. 0-0 Rd8 13. Bf4 Re8 14. Nxd4 Bxe2 15. Nxe2 Qxd1 16. Rfxd1 Rxe2 0-1